00446nam a22001457a 450000500170000000800410001704100130005808200150007110000260008624500640011225000190017626000480019530000310024365000260027420240111063518.0240111b |||||||| |||| 00| 0 eng d aEnglish  a346.7 MAR  aHockly, HE lEnglish  aMars : The Law of Insolvency in South Africa / cHE Hockly  aSixth Edition  aCape Town : bJuta and Company Ltd, c1968  blix, 709 pages ; c26 cm.  aLegal practice bLaw